Ekonometria

Na minha lista:
Detalhes bibliográficos
Autor principal: Garaj, Vladislav
Outros Autores: Šujan, Ivan
Formato: Livro
Idioma:eslovaco
Publicado em: Bratislava Alfa 1980
Colecção:Edícia ekonomickej literatúry
Tags: Adicionar Tag
Sem tags, seja o primeiro a adicionar uma tag!

MARC

LEADER 00000nam a2200000 4500
001 c111619
005 20230116100401.7
041 0 |a slo 
044 |a SK 
245 1 0 |a Ekonometria  |c Vladislav Garaj, Ivan Šujan 
264 1 |a Bratislava  |b Alfa  |c 1980 
300 |a 284 s. 
490 1 |a Edícia ekonomickej literatúry 
830 0 |a Edícia ekonomickej literatúry 
100 1 |a Garaj, Vladislav 
700 1 |a Šujan, Ivan